Statistieken voor Zes dichtstbijzijnde landen - Zuid-Korea

Klik hier om de quiz te nemen!

Algemene statistieken

  • Deze quiz is 12 keer genomen
  • De gemiddelde score is 5 van 6

Antwoordstatistieken

kmland% Correct
263China
100%
50Japan
100%
0Noord-Korea
100%
990Taiwan
90%
455Rusland
80%
1040Mongolië
60%

Scoreverdeling

Percentiel versus Aantal Correcte Antwoorden

Procent van Mensen met Elke Score

Uw Scoregeschiedenis

U heeft deze quiz nog niet genomen